000
00317nam a22001337a 4500
003
OSt
005
20231127192121.0
008
231127b |||||||| |||| 00| 0 eng d
040
_c
CO-JMCR
082
_a
DG
_b
KINs
100
_a
King Stephen
_e
autor
_9
42193
245
_a
Doctor sueƱo /
_c
Stephen King
942
_2
ddc
_c
BK
999
_c
30353
_d
16737